|
|
|
|
| LEADER |
00797pam a22002418a 4500 |
| 001 |
00016102 |
| 005 |
20171026081022.0 |
| 008 |
110405s2007 ||||||Viesd |
| 020 |
|
|
|c 22000
|
| 041 |
0 |
# |
|a Vie
|
| 082 |
1 |
4 |
|a 343.597 04
|b NH556N
|
| 100 |
0 |
# |
|a Minh Hằng
|
| 245 |
0 |
0 |
|a Những nội dung cơ bản của luật quản lý thuế
|c Minh Hằng
|
| 260 |
# |
# |
|a H.
|b Lao động Xã hội
|c 2007
|
| 300 |
# |
# |
|a 199 tr.
|c 19 cm.
|
| 650 |
# |
4 |
|a Luật và pháp chế
|
| 650 |
# |
4 |
|a Thuế
|
| 650 |
# |
4 |
|a Việt Nam
|
| 852 |
# |
# |
|b Kho mượn
|j KM.0001638, KM.0001639
|
| 852 |
# |
# |
|b Kho đọc
|j KD.0001538
|
| 852 |
# |
# |
|j KD.0001538
|j KM.0001638
|j KM.0001639
|
| 910 |
|
|
|d 05/04/2011
|
| 980 |
# |
# |
|a Trung tâm Học liệu Lê Vũ Hùng, Trường Đại học Đồng Tháp
|